000 01419nam1a2200277 i 4500
001 RU\NLR\bibl\1460722
005 20260407212627.0
035 _a(NLR Aleph) 001452490
090 _a1532009
_c1532009
100 _a20100114g20099999u y0rusy50 ca
101 0 _arus
102 _aRU
105 _a||||j |||||
200 1 _aФилософия
_eучебное пособие
_e[в 2 ч.]
_fДеп. образования г. Москвы, Гос. образоват. учреждение высш. проф. образования г. Москвы "Моск. гор. пед. ун-т" (ГОУ ВПО МГПУ), Общеун-тская каф. философии
_g[под ред. Б.Н. Бессонова, О.А. Сергеевой]
210 _aМосква
_cМГПУ
_d2009
215 _d21
463 0 _10011449147
606 _aФилософия
_jУчебные издания для высших учебных заведений
_9900139
_3RU\NLR\auth\666996
686 _aЮ0я73
702 1 _aБессонов
_bБ. Н.
_gБорис Николаевич
_4340
712 0 2 _4570
_aМосковский городской педагогический университет
_bОбщеуниверситетская кафедра философии
_3RU\NLR\AUTH\8810141914
_9778579
801 0 _aRU
_bNLR
_c20100114
_gRCR
801 1 _aRU
_bNLR
_c20100114
852 _aNLR
_j2009-3/39897
942 _cBOOK